|
|
|
|
| LEADER |
00000nam0a2200000 4500 |
| 001 |
60350 |
| 005 |
20231031061316.0 |
| 010 |
|
|
|a 5318006310
|
| 035 |
|
|
|a (RuTPU)RU\TPU\book\63817
|
| 090 |
|
|
|a 60350
|
| 100 |
|
|
|a 20040206d2004 m y0rusy50 ca
|
| 101 |
0 |
|
|a rus
|
| 102 |
|
|
|a RU
|
| 105 |
|
|
|a y j 001zy
|
| 200 |
1 |
|
|a Реклама
|e учебное пособие
|f Е. В. Ромат
|
| 210 |
|
|
|a СПб.
|c Питер
|d 2004
|
| 215 |
|
|
|a 176 с.
|
| 225 |
1 |
|
|a Краткий курс
|
| 320 |
|
|
|a Библиогр.: с. 163-168.
|
| 451 |
|
1 |
|0 (RuTPU)RU\TPU\book\101421
|y 5-469-00671-9
|t Реклама
|f Е. В. Ромат
|e 2-е изд.
|c СПб.
|n Питер
|d 2007
|p 208 с.
|a Ромат, Евгений Викторович
|
| 451 |
|
1 |
|0 (RuTPU)RU\TPU\book\51470
|y 5-318-00631-0
|t Реклама
|o учебное пособие
|f Е. В. Ромат
|c СПб.
|n Питер
|d 2003
|p 176 с.
|s Краткий курс
|a Ромат, Евгений Викторович
|
| 610 |
1 |
|
|a реклама
|
| 610 |
1 |
|
|a маркетинг
|
| 610 |
1 |
|
|a маркетинговые коммуникации
|
| 610 |
1 |
|
|a рекламное обращение
|
| 610 |
1 |
|
|a медиареклама
|
| 610 |
1 |
|
|a рекламная деятельность
|
| 610 |
1 |
|
|a рекламный менеджмент
|
| 610 |
1 |
|
|a учебные пособия
|
| 675 |
|
|
|a 659(07)
|v 3
|
| 700 |
|
1 |
|a Ромат
|b Е. В.
|g Евгений Викторович
|
| 801 |
|
1 |
|a RU
|b 63413507
|c 20040206
|g PSBO
|
| 801 |
|
2 |
|a RU
|b 63413507
|c 20220428
|g PSBO
|
| 900 |
|
|
|a Рекламный менеджмент
|
| 942 |
|
|
|c BK
|